00916cam a22002538a 450000500170000000800410001701000140005802000270007203500130009903700150011204000180012708200140014524501560015926000410031530000270035649000610038350000200044465000260046465000420049065000450053265000420057770000220061970000210064120081021150543.0081021s2008 ii b 001 0 eng  aENG-91944 a9788178298597 c695.00 aEN-75477 bDBAD / PUB adplbEnglish  a363.34929 aDroughts and integrated water resource management in South Asia :bissues, alternatives, and futures /cedited by Jasveen Jairath [and] Vishwa Ballabh. aNew Delhi ;bSAGE Publicationsc2008 axx, 356p. c22cm (Hb)  aWater in South Asia / edited by Peter P. Molinga; vol. 2 aIncludes index. aDroughtszSouth Asia. aDroughtsxSocial aspectszSouth Asia. aDroughtsxGovernment policyzSouth Asia. aWater-supplyxManagementzSouth Asia. aJairath, Jasveen. aBallabh, Vishwa,